| 000 | 00591nam a2200205 4500 | ||
|---|---|---|---|
| 003 | SISC | ||
| 005 | 20160215144739.0 | ||
| 008 | 130830t xxu||||| |||| 00| 0 eng d | ||
| 020 | _a9780801062940 | ||
| 050 |
_aR15 _b.M478 1994 |
||
| 082 | _aHS 613.9 MCL 1991 | ||
| 100 |
_aMcllhaney, Joe S. _915895 |
||
| 245 |
_aSafe sex : _ba doctor explains the realities of aids and other stds / _cJoe S. Mcllhaney. |
||
| 260 |
_aMichigan : _bBaker Book House, _c1991. |
||
| 300 |
_a173 p.; _c22 cm. |
||
| 650 |
_aSex _915896 |
||
| 650 |
_a AIDS _915897 |
||
| 942 |
_2lcc _cBK |
||
| 999 |
_c10060 _d10060 |
||